00330nam a2200121Ia 4500008004100000040001700041041001200058082001800070100001000088245005600098260004300154300001100197230917s9999||||xx |||||||||||||| ||und|| e182722aMAIN aEnglish a320.954 N293S aNeera 0aSocial structure and political recruitment in India aNew DelhibAbhijeet Publicationsc2010 a264 p.